Albanian To English - Country Names - Statistics

General Stats
  • This quiz has been taken 136 times
  • The average score is 13 of 16
Answer Stats
Albanian English % Correct
Kroacia Croatia
100%
Jemen Yemen
98%
Norvegji Norway
97%
Holanda Netherlands
96%
Tajlandë Thailand
96%
Shqipëria Albania
95%
Kubë Cuba
93%
Libi Libya
92%
Çad Chad
90%
Xhamajkë Jamaica
81%
Siri Syria
80%
Shtetet e Bashkuara Usa
79%
Malajzi Malaysia
78%
Mbretëria e Bashkuar Uk
66%
Mali i zi Montenegro
54%
Bregu i fildishtë Ivory Coast
34%
No matching quizzes found
Score Distribution
Percent of People with Each Score
Percentile by Number Answered
Your Score History
You have not taken this quiz